000 00426nam a22001451a 4500
020 _a9788171414086
082 _a615.5
_bROB/M
100 _aRobin D Tribhuwan
245 _aMedical world of the tribals:
_bexplorations in illness ideology body sympolism and ritual healing/
_cby Robin D Tribhuwan
260 _aNew Delhi:
_bDiscovery,
_c1998.
300 _a334p.
650 _aTherapeutic
650 _aMedicine
942 _cBK
999 _c28483
_d28483